RICS condition report (Record no. 115955)
[ view plain ]
| 000 -LEADER | |
|---|---|
| fixed length control field | 01732cad a22003495a 4500 |
| 001 - CONTROL NUMBER | |
| control field | L159496 |
| 008 - FIXED-LENGTH DATA ELEMENTS--GENERAL INFORMATION | |
| fixed length control field | 101207s2011 xxk 000 0 eng u |
| 020 1# - INTERNATIONAL STANDARD BOOK NUMBER | |
| ISBN | 9781842196328 |
| 035 ## - SYSTEM CONTROL NUMBER | |
| System control number | (Sirsi) u159496 |
| 041 0# - LANGUAGE CODE | |
| Language code of text/sound track or separate title | eng |
| 050 04 - Library of Congress Classification | |
| Class mark | 333.332 $2 18 |
| 110 2# - MAIN ENTRY--CORPORATE NAME | |
| Corporate author | Royal Institution of Chartered Surveyors |
| 245 00 - TITLE STATEMENT | |
| Title | RICS condition report |
| Subtitle | RICS practice note |
| Medium | [electronic resource] |
| 260 ## - PUBLICATION INFORMATION | |
| Place of publication | Coventry |
| Publisher | RICS |
| Date | 2011 |
| 300 ## - PHYSICAL DESCRIPTION | |
| Physical description | iv, 62p. |
| Dimensions | 30cm. |
| 490 #0 - SERIES TITLE | |
| Series statement | RICS Practice Notes |
| 520 ## - ABSTRACT | |
| Abstract | It focuses purely on the condition of the property by setting out the following: Clear 'traffic light' ratings of the condition of different parts of the building, services, garage and outbuildings, showing problems that may require varying degrees of attention. A summary of the risks to the condition of the building. Advice on replacement parts guarantees, planning and control matters for your legal advisers. It should be used for a conventional house, flat or bungalow built from common building materials and in reasonable condition. An RICS Condition Report does not include a valuation. |
| 520 ## - ABSTRACT | |
| Abstract | For a sample copy of the HBR report, see E159497. See also Home survey standard K121160 effective from 1 June 2020. |
| 521 ## - TARGET AUDIENCE NOTE | |
| Target audience note | Advanced |
| 590 ## - LOCAL NOTE (RLIN) | |
| Local note | KA |
| 650 24 - KEYWORDS | |
| Keywords | CONDITION REPORT |
| 650 24 - KEYWORDS | |
| Keywords | Home survey standard |
| 650 24 - KEYWORDS | |
| Keywords | RICS VALUATION STANDARDS |
| 651 #4 - SUBJECT ADDED ENTRY--GEOGRAPHIC NAME | |
| Geographic name | England |
| 651 #4 - SUBJECT ADDED ENTRY--GEOGRAPHIC NAME | |
| Geographic name | Wales |
| 651 #4 - SUBJECT ADDED ENTRY--GEOGRAPHIC NAME | |
| Geographic name | Northern Ireland |
| 651 #4 - SUBJECT ADDED ENTRY--GEOGRAPHIC NAME | |
| Geographic name | Channel Islands |
| 651 #4 - SUBJECT ADDED ENTRY--GEOGRAPHIC NAME | |
| Geographic name | Isle of Man |
| 690 ## - BROAD SUBJECT | |
| Broad subject | Valuation |
| 9 (RLIN) | 6273 |
| 856 41 - ONLINE RESOURCE | |
| Uniform Resource Identifier | <a href="https://www.rics.org/Global/Downloads/RICS_Condition_Report_practice_note_2011.pdf">https://www.rics.org/Global/Downloads/RICS_Condition_Report_practice_note_2011.pdf</a> |
| Public note | View the guidance free of charge at www.rics.org... |
| 942 ## - ADDED ENTRY ELEMENTS (KOHA) | |
| Suppress in OPAC | Do not suppress in OPAC |
| Lost status | Source of classification or shelving scheme | Damaged status | Not for loan | Home library | Current library | Shelving location | Date acquired | Total Checkouts | Full call number | Barcode | Date last seen | Copy number | Price effective from | Koha item type |
|---|---|---|---|---|---|---|---|---|---|---|---|---|---|---|
| Dewey Decimal Classification | London | London | RICS Boxes | 03/08/2017 | RICS 2011/64 | 30078505 | 06/08/2019 | 1 | 06/08/2019 | Archive | ||||
| Dewey Decimal Classification | London | London | RICS Boxes | 03/08/2017 | RICS 2011/64 | 30078506 | 06/08/2019 | 2 | 06/08/2019 | Reference material | ||||
| Dewey Decimal Classification | Virtual | Virtual | Online | 03/08/2017 | ONLINE PUBLICATION | 159496-2001 | 06/08/2019 | 1 | 06/08/2019 | Book |